000 00818nam a22002777a 4500
001 BR7603649
003 BR-BrBNA
005 20230928085035.0
007 ta
008 230509b bl.||||| |||| 00| 0 por d
040 _aBR-BrBNA
_bpor
_cBiblioteca Nacional de Agricultura
041 _a(Por)
072 _aC00; E30
_b/G514
090 _ C00 BR7603649
110 1 _aSubsecretaria de Planejamento e Orcamento, Brasilia, DF (Brasil)
245 1 _aCurso de mestrado em desenvolvimento agricola. Plano de acao para 1977 [Brasil]
260 3 _aBrasilia, DF (Brasil):
_c[nd].
300 _a60 p.
500 _a9 tables; Published 1976?
650 _aENSINO SUPERIOR
650 _aUNIVERSIDADE
650 _aCURSO
650 _aDESENVOLVIMENTO AGRICOLA
909 _a202309
_bLucia
_c55
_dLucia Elande
942 _cBK
999 _c22516
_d22516